000
00320nam a2200133Ia 4500
005
20251222153631.0
008
251222s9999||||xx |||||||||||||| ||spa||
082
_a
866.1/H52
100
_a
Higgins Clark, Mary
245
0
_a
No Puedo Olvidar tu Rostro
250
_a
1ra.ed.
264
_b
CĂrculo Lectores
942
_c
LIB
999
_c
32367
_d
32367